000 00589nam a2200181Ia 4500
005 20250508164836.0
008 008 250505s9999 xx 000 0 eng d
037 _aDissertations
040 _aFEDL
_beng
_cFEDL
041 _aeng
_2eng
084 _a372.652 1, GEE/DI
_qFEDL
100 _aGeetika
245 0 _aStudy on developing strategies to teach prepositions in english to primary gradelearners in MCD schools in Delhi
260 _c2009
546 _aM.Ed. Dissertation, (Delhi University)
942 _cDIS
_h372.652 1, GEE/DI
999 _c1391526
_d1391526